00313nam a2200121Ia 4500008004100000041000800041082001200049100001800061245002800079260004500107300003200152365000700184240624s9999 xx 000 0 und d aeng a382 NAY aNAYYAR DEEPAK aTRADE AND GLOBALIZATION c2008aNew DelhibOxford University Press axxxi, : 457 : p. : cm. ; 23 cRS